Statistiken für Größte deutsche Inseln auf einer Karte

Klicken Sie hier um das Quiz zu spielen!

Allgemein

  • Dieses Quiz wurde 3.725 mal gespielt
  • Das Durchschnittsergebnis liegt bei 7 aus 15

Antworten auf der Karte

Die Antworten werden auf der Karte rot bzw. grün angezeigt, abhängig davon wie oft sie richtig erraten wurden.
 

Antwortstatistiken

Fläche (km²)InselnLand% Korrekt
99,2SyltSchleswig-Holstein
95%
926RügenMecklenburg-Vorpommern
83%
373*UsedomMecklenburg-Vorpommern
59%
185,4FehmarnSchleswig-Holstein
56%
30,7BorkumNiedersachsen
51%
26,3NorderneyNiedersachsen
50%
20,4AmrumSchleswig-Holstein
44%
19,7LangeoogNiedersachsen
43%
82,9FöhrSchleswig-Holstein
42%
18,2SpiekeroogNiedersachsen
35%
16,4JuistNiedersachsen
34%
37,4PellwormSchleswig-Holstein
21%
19HiddenseeMecklenburg-Vorpommern
20%
34,3PoelMecklenburg-Vorpommern
19%
19,6UmmanzMecklenburg-Vorpommern
7%

Verteilung der Resultate

Perzentil nach korrekt beantworteten Fragen

Anzahl Personen mit jedem Resultat

Ihre Resultats-Entwicklung

Sie haben dieses Quiz noch nicht gespielt